000 01620nam a22004217a 4500
003 CHAP
005 20220329143357.0
008 090128s2008 mx r 00010 spa d
010 _a95718
011 _a96690
035 _a107346
040 _cCHAP
090 _aTesis
100 1 _aCortés Valencia, Paul.
_928404
245 1 0 _aSexado de semen ovino utilizando la técnica columnas de albúmina
_c/por Paul Cortés Valencia y Pamela Semiramis Flores Miranda
260 _aChapingo, Méx. :
_bEl autor,
_c2008
300 _avii, 31 h.
502 _aTesis (Ing. Agr. Esp. en Zootecnia) -- UACH. Departamento de Zootecnia
530 _aTambién disponible en línea
590 _aALEPH
_b10
_c20130110
_lUCH01
_h1526
590 _aBATCH-UPD
_b10
_c20130110
_lUCH01
_h0125
590 _aBATCH-UPD
_b10
_c20130110
_lUCH01
_h0918
590 _aBATCH-UPD
_b10
_c20130409
_lUCH01
_h2119
590 _aBATCH-UPD
_b10
_c20130410
_lUCH01
_h0540
590 _aBATCH-UPD
_b10
_c20130914
_lUCH01
_h1052
590 _aBATCH-UPD
_b10
_c20140324
_lUCH01
_h1508
590 _aBATCH-UPD
_b10
_c20141002
_lUCH01
_h0838
590 _aCONVERSION
_b10
_c20130109
_lUCH01
_h1353
650 1 4 _aInseminación artificial.
_958964
650 1 4 _aSemen
_xGanado lanar.
_9103863
650 1 4 _aSexo
_xDeterminación.
_9105416
700 1 _aFlores Miranda, Pamela Semiramis
_941647
856 _3Finding aid
_uhttp://10.13.5.2/tesis/107346.pdf
_zTeclea aqui
901 _aBK
942 _cFOLL
949 _aTesis
_bBC
_cTES
_d33724002085009
_eTS1
_gDonaciØn
_h48238
_i107346
_sb
949 _aTesis
_bBC
_cTES
_d33724002085040
_eTS2
_fc.2
_gDonaciØn
_h48239
_i107346
_sb
999 _c95718
_d95718